Exchange Rate and Interest Rate Volatility in a Target Zone: The Portuguese Case

Saved in:
Bibliographic Details
Main Author: Duarte, António Portugal
Other Authors: Andrade, Joao Sousa, Duarte, Adelaide
Format: Book Chapter
Language:English
Tags: Add Tag
No Tags, Be the first to tag this record!

MARC

LEADER 00000naa$a2200000$$$4500
001 0308118
005 20250411111610.3
041 0 |a eng 
044 |a PT 
245 1 0 |a Exchange Rate and Interest Rate Volatility in a Target Zone: The Portuguese Case  |c António Portugal Duarte, Joao Sousa Andrade, Adelaide Duarte 
100 1 |a Duarte, António Portugal 
700 1 |a Andrade, Joao Sousa 
700 1 |a Duarte, Adelaide